Chang and Eng a novel
Gespeichert in:
| 1. Verfasser: | |
|---|---|
| Format: | Buch |
| Sprache: | Englisch |
| Veröffentlicht: |
Dutton Publishers
2000
|
| Tags: |
Tag hinzufügen
Keine Tags, Fügen Sie den ersten Tag hinzu!
|
MARC
| LEADER | 00000nam a22000007a 4500 | ||
|---|---|---|---|
| 008 | 211214b ||||| |||| 00| 0 eng d | ||
| 020 | |a 0-525-94512-1 | ||
| 100 | |a STRAUSS, Darin. | ||
| 245 | |a Chang and Eng |b a novel |c Darin Strauss |g 323p. | ||
| 260 | |b Dutton Publishers |c 2000 |h New York |i 693765 |l PS3569 .St8 |m Bunker, Chang, 1811-1874 - Fiction. |m Bunker, Eng, 1811-1874 - Fiction |m Siamese twins - United States - Fiction |m North Carolina - Fiction |m Title. | ||
| 942 | |a lcc |c BK |e Ifatola J. O. |f 14/ 12/ 2021 | ||
| 952 | |0 0 |1 0 |2 lcc |4 0 |6 PS3569 S T8 |7 0 |9 3953 |a HOL |b HOL |c LP |d 2021-12-14 |l 0 |o PS3569 .St8 |p 2021-67675 |r 2021-12-14 00:00:00 |t 693765 |w 2021-12-14 |y BK | ||
| 999 | |c 1980 |d 1980 | ||